Limits of the welfare state: Critical views on post-war Sweden (Record no. 204601)

MARC details
000 -LEADER
fixed length control field 00387nam a2200145Ia 4500
008 - FIXED-LENGTH DATA ELEMENTS--GENERAL INFORMATION
fixed length control field 230917s9999||||xx |||||||||||||| ||und||
040 ## - CATALOGING SOURCE
-- 3841
Original cataloging agency VIVEKANANDA LIBRARY
041 ## - Language
-- English
082 ## - DDC NUMBER
Classification number 320.9485 F945L
100 ## - MAIN ENTRY--PERSONAL NAME
Personal name Fry, John, ed.
245 #0 - TITLE STATEMENT
Title Limits of the welfare state: Critical views on post-war Sweden
260 ## - PUBLICATION, DISTRIBUTION, ETC. (IMPRINT)
Place of publication, distribution, etc Wetmead
Name of publisher, distributor, etc Saxon House
Date of publication, distribution, etc 1979
300 ## - PHYSICAL DESCRIPTION
Pages 234 p.
942 ## - ADDED ENTRY ELEMENTS (KOHA)
Koha item type Books
Holdings
Withdrawn status Lost status Damaged status Not for loan Location (home branch) Sublocation or collection (holding branch) Date acquired Koha issues (times borrowed) Koha full call number Accession No. Koha date last seen Koha item type
        VIVEKANANDA LIBRARY VIVEKANANDA LIBRARY 08/08/2002   320.9485 F945L 65317 17/09/2023 Books
© Designed and Maintained by Vivekananda Library, MDU Rohtak